1376 1651 1152 1715 1901 1797 1552 1134 1479 1422 1345 1473 1609 1283 1124 1278 1355 1032 1607 1529 1043 1061 1136 1164 1004 1195 1245 1348 1132 1501 1086 1758 1708 1949 1538 1823 1802 1177 1080 1553 1929 1433 1416 1027 1414 1806 1307 1942 1354 1330 1368 1474 1037 1108 1994 1202 1408 1096 1418 1373 1652 1332 1742 1975 1165 1989 1458 1704 1113 1614 1472 1028 1451 1705 1248 1701 1256 1861 1308 1095 1140 1006 1546 1094 1522 1766 1524 1875 1920 1845 1658 1068 1580 1913 1764 1361 1091 1503 1077 BCNSPRNW ULIB Ver.6.0+V

เปลี่ยนเป็นภาษาไทย

Change to English
 แสดงรายละเอียดบรรณานุกรม
  กลับหน้าหลัก

Brief Record : Get Marc (ISO 2709) : E-mail record : QR code < ปิดหน้าต่าง
LEADER : 00000nam 2200000uu 4500
001    13399128966
003     ULIB
008    241110s2565||||th 000 0 tha d
020    ^a9786168321140
050    ^aนว^bธ291ล
100    ^aธมธร
245    ^aเลศตะวัน/^cธมธร
260    ^aกรุงเทพฯ :^bดีต่อใจ,^c2565
300    ^a344 หน้า;^b21 ซม.
650    ^aนวนิยายไทย
945    ^p300^l0^i30381
999    ^aกัณชพร จุลอักษร
รายการนี้ยังไม่มีแท็ก
คุณยังไม่ได้ล็อกอิน คุณสามารถมีกิจกรรมร่วมกับเว็บไซต์ได้ แต่ต้องล็อกอินก่อน ::
  ล็อกอิน

รายการสื่อสารสนเทศ

ลำดับที่ ประเภท เลขเรียก/บาร์โค้ด สถานที่ สถานะ
1. วิทยาศาสตร์การแพทย์ และสุขภาพ
วิทยาศาสตร์การแพทย์ และสุขภาพ
นว ธ291ล ฉ.1 
  Barcode: 30381
ห้องสมุดวิทยาเขตนครสวรรค์
►นวนิยาย:l:Fiction
บนชั้น

รายการใกล้เคียง
    ผู้แต่ง [ธมธร]

    หัวเรื่อง [นวนิยายไทย]

BibComment


ยังไม่เคยถูกคอมเมนท์

คอมเมนท์ทรัพยากรรายการนี้
  คอมเมนท์: เลศตะวัน ธมธร


 Copyright 2026. Bcnsprnw @Library